[Event "Manny Pacquiao op"]
[Site "General Santos City"]
[Date "2022.12.16"]
[Round "7"]
[White "Ceres, Dragos"]
[Black "Emperado, Emmanuel"]
[Result "1-0"]
[WhiteElo "2412"]
[BlackElo "2225"]
[PlyCount "113"]
[EventDate "2022.12.13"]
[EventType "swiss"]
[EventRounds "9"]
[EventCountry "PHI"]
[SourceTitle "EXT 2024"]
[Source "ChessBase"]
[SourceDate "2023.10.10"]
[SourceVersion "1"]
[SourceVersionDate "2023.10.10"]
[SourceQuality "1"]

1. e4 c5 2. Nf3 d6 3. d4 cxd4 4. Nxd4 Nf6 5. Nc3 a6 6. Be3 e5 7. Nb3 Be6 8. f3 h5 9. Nd5 Bxd5 10. exd5 Nbd7 11. Qd2 g6 12. 0-0-0 Nb6 13. Kb1 Nbxd5 14. Bf2 Qc7 15. g3 Bh6 16. Qe2 0-0 17. a3 b5 18. Bg2 Nb6 19. f4 Rac8 20. fxe5 dxe5 21. Bc5 Rfd8 22. Rhf1 Rxd1+ 23. Qxd1 Ng4 24. Qe2 Nxh2 25. Rh1 Ng4 26. Bh3 Qc6 27. Bg2 Qc7 28. Bh3 Qc6 29. Rd1 Na4 30. Bb4 Qc4 31. Bxg4 Qxg4 32. Qe1 Nb6 33. Rd6 Nc4 34. Rxa6 Rd8 35. Ka2 e4 36. Bc3 e3 37. Qf1 Bg5 38. Ra7 Qe6 39. Qe2 Bf6 40. Nc5 Qf5 41. Bxf6 Qxf6 42. Nd3 Re8 43. Rc7 Qd6 44. Rc5 Qe6 45. b3 Nxa3 46. Kxa3 Ra8+ 47. Kb4 Qe4+ 48. c4 bxc4 49. Rxc4 Qe7+ 50. Rc5 Rb8+ 51. Kc3 Qe6 52. Rc4 Ra8 53. Qf3 Ra2 54. Qe4 Qa6 55. Qe8+ Kg7 56. Qe5+ Kh7 57. Rc7 1-0

[Event "Manny Pacquiao op"]
[Site "General Santos City"]
[Date "2022.12.15"]
[Round "6"]
[White "Emperado, Emmanuel"]
[Black "Gomez, John Paul"]
[Result "0-1"]
[WhiteElo "2225"]
[BlackElo "2468"]
[PlyCount "84"]
[EventDate "2022.12.13"]
[EventType "swiss"]
[EventRounds "9"]
[EventCountry "PHI"]
[SourceTitle "EXT 2024"]
[Source "ChessBase"]
[SourceDate "2023.10.10"]
[SourceVersion "1"]
[SourceVersionDate "2023.10.10"]
[SourceQuality "1"]

1. e4 e5 2. Nf3 Nc6 3. Bb5 Nf6 4. 0-0 Nxe4 5. d4 Nd6 6. Bxc6 dxc6 7. dxe5 Nf5 8. Qxd8+ Kxd8 9. h3 h5 10. Nc3 Ke8 11. Bf4 Be7 12. Rad1 Be6 13. Ng5 Rh6 14. Rfe1 h4 15. Nxe6 Rxe6 16. Ne4 Rd8 17. Rxd8+ Kxd8 18. Kf1 Ke8 19. c3 c5 20. Ng5 Ra6 21. a3 b5 22. Rc1 Ra4 23. Bd2 Bxg5 24. Bxg5 Kd7 25. Rd1+ Ke6 26. Bd8 c6 27. Bc7 b4 28. axb4 cxb4 29. b3 Ra3 30. cxb4 Rxb3 31. Ra1 Rxb4 32. Rxa7 Rb2 33. Ra4 c5 34. Rc4 Kd5 35. Rc1 c4 36. Ba5 Ra2 37. Be1 Nd4 38. Rd1 Ra3 39. Rc1 Rd3 40. f3 Nf5 41. Ke2 Ra3 42. f4 Ra2+ 0-1

[Event "Penang Mini op 2nd"]
[Site "Penang"]
[Date "2019.06.07"]
[Round "5"]
[White "Emperado, Emmanuel"]
[Black "Ooi, Zhi Yang"]
[Result "0-1"]
[WhiteElo "2190"]
[BlackElo "2112"]
[PlyCount "100"]
[EventDate "2019.06.05"]
[EventType "swiss"]
[EventRounds "9"]
[EventCountry "MAS"]
[SourceTitle "CBM 190 Extra"]
[Source "ChessBase"]
[SourceDate "2019.07.15"]
[SourceVersion "1"]
[SourceVersionDate "2019.07.15"]
[SourceQuality "1"]

1. e4 e5 2. Nf3 Nc6 3. Bb5 g6 4. d4 exd4 5. c3 a6 6. Ba4 Bg7 7. cxd4 b5 8. Bb3 Na5 9. Bc2 Ne7 10. h4 d6 11. h5 Bg4 12. h6 Bf6 13. Nc3 0-0 14. Ne2 c5 15. d5 Nc4 16. Nc3 Qa5 17. Qd3 Nxd5 18. e5 Nb4 19. Qe2 Nxe5 20. 0-0 Nxc2 21. Qxc2 Bxf3 22. gxf3 Nxf3+ 23. Kg2 Nd4 24. Qd3 Qd8 25. Nd5 Be5 26. f4 Bh8 27. f5 Be5 28. f6 Qd7 29. Qe4 Rae8 30. Bg5 Re6 31. Rae1 Kh8 32. Ne7 Bg3 33. Kxg3 Rxe4 34. Rxe4 d5 35. Re5 Ne6 36. Rxd5 Qc7+ 37. Bf4 Qa5 38. a3 Qa4 39. Be5 g5 40. Rfd1 Qe4 41. R1d2 Qh4+ 42. Kg2 Qxh6 43. Nf5 Qh5 44. Ng7 Qg4+ 45. Kf2 Kg8 46. Nxe6 fxe6 47. Rxc5 Qf5+ 48. Ke1 Rxf6 49. Rc8+ Rf8 50. Rxf8+ Qxf8 0-1

[Event "Penang Mini op 2nd"]
[Site "Penang"]
[Date "2019.06.05"]
[Round "1"]
[White "Ang, Jing Xuan"]
[Black "Emperado, Emmanuel"]
[Result "0-1"]
[WhiteElo "1608"]
[BlackElo "2190"]
[PlyCount "76"]
[EventDate "2019.06.05"]
[EventType "swiss"]
[EventRounds "9"]
[EventCountry "MAS"]
[SourceTitle "CBM 190 Extra"]
[Source "ChessBase"]
[SourceDate "2019.07.15"]
[SourceVersion "1"]
[SourceVersionDate "2019.07.15"]
[SourceQuality "1"]

1. e4 c5 2. Nf3 d6 3. d4 cxd4 4. Nxd4 Nf6 5. Nc3 a6 6. Bg5 Nbd7 7. f4 Qc7 8. Qf3 h6 9. Bh4 g5 10. fxg5 hxg5 11. Bxg5 Qc5 12. Be3 Ne5 13. Qe2 Neg4 14. Bg1 Bh6 15. h3 Bf4 16. Bf2 Nxf2 17. Qxf2 Qb4 18. Nde2 Bg5 19. Qd4 Qxb2 20. Rb1 Qxc2 21. Qa4+ Qxa4 22. Nxa4 Nxe4 23. g3 Bd2+ 24. Kd1 Be3 25. Kc2 Bf5 26. Kb2 b5 27. Nac3 Nxc3 28. Nxc3 Bxb1 29. Nxb1 d5 30. Bg2 e6 31. Re1 Bd4+ 32. Kb3 Kd7 33. Nc3 Rac8 34. Rc1 Rxc3+ 35. Rxc3 Bxc3 36. Kxc3 Kd6 37. Kd4 e5+ 38. Kd3 Kc5 0-1

[Event "Johor op 5th"]
[Site "Johor"]
[Date "2018.12.12"]
[Round "5"]
[White "Goh, Zi Han"]
[Black "Emperado, Emmanuel"]
[Result "0-1"]
[WhiteElo "1968"]
[BlackElo "2240"]
[PlyCount "144"]
[EventDate "2018.12.10"]
[EventType "swiss"]
[EventRounds "9"]
[EventCountry "MAS"]
[SourceTitle "CBM 187 Extra"]
[Source "ChessBase"]
[SourceDate "2018.11.04"]
[SourceVersion "1"]
[SourceVersionDate "2018.11.04"]
[SourceQuality "1"]

1. d4 Nf6 2. c4 e6 3. Nf3 d5 4. Nc3 Bb4 5. cxd5 exd5 6. Bg5 0-0 7. e3 Be6 8. Bd3 Nbd7 9. 0-0 Be7 10. Rc1 h6 11. Bh4 a6 12. Bb1 c6 13. Qc2 g6 14. Qb3 Qb6 15. Qxb6 Nxb6 16. Bd3 Rae8 17. Rb1 Ne4 18. Bxe7 Rxe7 19. Rbc1 Bf5 20. Bc2 Nd6 21. Ne5 f6 22. Nd3 Bxd3 23. Bxd3 f5 24. Rfe1 Kg7 25. g3 Ne4 26. Nxe4 fxe4 27. Bf1 Ref7 28. Rc2 Nc8 29. b3 Nd6 30. h3 h5 31. Rb1 Rc7 32. Rbc1 Nf7 33. Rb1 Ng5 34. Bg2 Kf6 35. Kf1 Ke7 36. Ke1 Kd6 37. Rbc1 a5 38. Ke2 h4 39. g4 b6 40. Ke1 c5 41. dxc5+ Rxc5 42. Ke2 Rfc8 43. Kd1 Ke5 44. Kd2 Kd6 45. Kd1 Rf8 46. Ke1 Rf7 47. Ke2 Rfc7 48. Kd1 Rxc2 49. Rxc2 Rc5 50. Kd2 Ke5 51. Kd1 Ne6 52. Kd2 b5 53. Bf1 b4 54. Rxc5 Nxc5 55. Be2 a4 56. bxa4 Nxa4 57. Bd1 Nc3 58. Bb3 Kd6 59. Ke1 Kc5 60. Kd2 Nb5 61. Kc1 Nd6 62. Bd1 Kc4 63. Kd2 Kc5 64. Kc1 d4 65. exd4+ Kxd4 66. Kd2 Nc4+ 67. Ke2 Ne5 68. Kd2 Nd3 69. Be2 Nxf2 70. Bf1 Nd3 71. Be2 e3+ 72. Kc2 Nf4 0-1

[Event "Penang op 10th"]
[Site "Penang"]
[Date "2018.12.05"]
[Round "5"]
[White "Emperado, Emmanuel"]
[Black "Teh, Wee Zhun"]
[Result "1-0"]
[WhiteElo "2240"]
[BlackElo "1823"]
[PlyCount "51"]
[EventDate "2018.12.03"]
[EventType "swiss"]
[EventRounds "9"]
[EventCountry "MAS"]
[SourceTitle "CBM 187 Extra"]
[Source "ChessBase"]
[SourceDate "2018.11.04"]
[SourceVersion "1"]
[SourceVersionDate "2018.11.04"]
[SourceQuality "1"]

1. d4 d5 2. c4 c6 3. Nf3 Nf6 4. Nc3 dxc4 5. a4 Bf5 6. Ne5 Nbd7 7. Nxc4 Nb6 8. Ne5 a5 9. h4 Nbd7 10. Qb3 Nxe5 11. dxe5 Nd7 12. e4 Be6 13. Qxb7 Rb8 14. Qa7 Nxe5 15. Bf4 f6 16. Bxe5 fxe5 17. Qc5 Qc7 18. Bc4 Bxc4 19. Qxc4 Rb4 20. Qe6 Qd7 21. Qxe5 Qd6 22. Qxa5 Rxb2 23. Rd1 Qf6 24. 0-0 e6 25. Rd3 Rb8 26. Qc7 1-0

[Event "Penang op 10th"]
[Site "Penang"]
[Date "2018.12.04"]
[Round "3"]
[White "Emperado, Emmanuel"]
[Black "Khandhar, Kaushal"]
[Result "1/2-1/2"]
[WhiteElo "2240"]
[BlackElo "1878"]
[PlyCount "85"]
[EventDate "2018.12.03"]
[EventType "swiss"]
[EventRounds "9"]
[EventCountry "MAS"]
[SourceTitle "CBM 187 Extra"]
[Source "ChessBase"]
[SourceDate "2018.11.04"]
[SourceVersion "1"]
[SourceVersionDate "2018.11.04"]
[SourceQuality "1"]

1. e4 e6 2. d4 d5 3. Nd2 dxe4 4. Nxe4 Nd7 5. Bd3 Ngf6 6. Nf3 Nxe4 7. Bxe4 Nf6 8. Bd3 c5 9. 0-0 cxd4 10. Nxd4 Bd6 11. Bb5+ Kf8 12. c3 Qc7 13. h3 e5 14. Nb3 Be6 15. Bg5 Ne4 16. Be3 a6 17. Bd3 Nc5 18. Nxc5 Bxc5 19. Qf3 Rd8 20. Bxc5+ Qxc5 21. Rad1 Qc7 22. Bf5 Ke7 23. Bxe6 Kxe6 24. c4 f6 25. b3 g6 26. Rd5 Rxd5 27. cxd5+ Kf7 28. Qe3 Rd8 29. Rc1 Qa5 30. Rc5 Qb6 31. Qc3 Rd7 32. b4 Qd6 33. Qf3 f5 34. a3 b6 35. Rc6 Qxd5 36. Qxd5+ Rxd5 37. Rxb6 a5 38. h4 axb4 39. axb4 Rd1+ 40. Kh2 Rb1 41. Rb7+ Ke6 42. b5 h5 43. b6 1/2-1/2

[Event "Hanoi HD Bank op-A 8th"]
[Site "Hanoi"]
[Date "2018.03.11"]
[Round "3"]
[White "Gu, Xiaobing"]
[Black "Emperado, Emmanuel"]
[Result "1-0"]
[WhiteElo "2354"]
[BlackElo "2232"]
[PlyCount "37"]
[EventDate "2018.03.10"]
[EventType "swiss"]
[EventRounds "9"]
[EventCountry "VIE"]
[SourceTitle "CBM 183 Extra"]
[Source "ChessBase"]
[SourceDate "2018.04.19"]
[SourceVersion "1"]
[SourceVersionDate "2018.04.19"]
[SourceQuality "1"]

1. e4 a6 2. d4 e6 3. Bd3 d5 4. e5 c5 5. c3 Nc6 6. Nf3 Bd7 7. 0-0 cxd4 8. cxd4 Qb6 9. Be2 Nge7 10. Nc3 Nf5 11. Na4 Qa7 12. Be3 b5 13. Nc3 h5 14. Rc1 Be7 15. Kh1 g6 16. Bd3 Ng7 17. Ne2 Bd8 18. Bb1 Bb6 19. Bg5 1-0

[Event "Hanoi HD Bank op-A 8th"]
[Site "Hanoi"]
[Date "2018.03.10"]
[Round "1"]
[White "Laxman, Rajaram"]
[Black "Emperado, Emmanuel"]
[Result "1-0"]
[WhiteElo "2457"]
[BlackElo "2232"]
[PlyCount "135"]
[EventDate "2018.03.10"]
[EventType "swiss"]
[EventRounds "9"]
[EventCountry "VIE"]
[SourceTitle "CBM 183 Extra"]
[Source "ChessBase"]
[SourceDate "2018.04.19"]
[SourceVersion "1"]
[SourceVersionDate "2018.04.19"]
[SourceQuality "1"]

1. d4 a6 2. Nf3 Nf6 3. Bg5 d5 4. Nbd2 e6 5. e4 h6 6. Bxf6 Qxf6 7. Bd3 c5 8. c3 Nc6 9. dxc5 Bxc5 10. exd5 exd5 11. Nb3 Ba7 12. 0-0 0-0 13. Bc2 Rd8 14. Qd3 g6 15. Qd2 Bg4 16. Nfd4 Kg7 17. h3 Bd7 18. Rad1 Ne5 19. Qc1 Rac8 20. f4 Nc4 21. Kh1 Re8 22. Rde1 Bb8 23. Rxe8 Rxe8 24. Nc5 Bc8 25. Nd3 Re4 26. Rf3 Qe7 27. f5 Qd6 28. g3 g5 29. Nf2 Qe5 30. Bxe4 dxe4 31. Ng4 Qd6 32. f6+ Kf8 33. Nf5 Bxf5 34. Rxf5 Qxg3 35. Qf1 Ne3 36. Rc5 Kg8 37. Qe2 Qxh3+ 38. Kg1 Ba7 39. Nxh6+ Qxh6 40. Qxe3 Bxc5 41. Qxc5 Qxf6 42. Qc8+ Kg7 43. Qxb7 e3 44. Qg2 Qe5 45. Kf1 Qf5+ 46. Kg1 g4 47. Qe2 Qe4 48. c4 f5 49. c5 a5 50. c6 Qxc6 51. Qxe3 Kg6 52. b3 Qd6 53. a3 f4 54. Qe8+ Kg5 55. Qg8+ Kh4 56. Qh8+ Kg5 57. Qg7+ Kf5 58. Qh7+ Kg5 59. Qg7+ Qg6 60. Qe5+ Qf5 61. Qg7+ Kh4 62. Qh8+ Kg5 63. Qg7+ Qg6 64. Qe5+ Kh4 65. Qh8+ Qh5 66. Qxh5+ Kxh5 67. b4 axb4 68. axb4 1-0

[Event "Bacolod Negros op"]
[Site "Bacolod"]
[Date "2017.10.12"]
[Round "2"]
[White "Antonio, Rogelio Jr"]
[Black "Emperado, Emmanuel"]
[Result "1-0"]
[WhiteElo "2365"]
[BlackElo "2232"]
[PlyCount "76"]
[EventDate "2017.10.11"]
[EventType "swiss"]
[EventRounds "9"]
[EventCountry "PHI"]
[SourceTitle "CBM 181 Extra"]
[Source "ChessBase"]
[SourceDate "2017.12.12"]
[SourceVersion "1"]
[SourceVersionDate "2017.12.12"]
[SourceQuality "1"]

1. e4 a6 2. c4 e5 3. Nf3 Nc6 4. Nc3 Nf6 5. Be2 Bb4 6. 0-0 d6 7. Nd5 Nxe4 8. d4 0-0 9. Bd3 f5 10. a3 Ba5 11. dxe5 dxe5 12. b4 Bb6 13. Nxb6 cxb6 14. Bb2 Qf6 15. Qe2 Re8 16. Qe3 Be6 17. Qxb6 Rad8 18. Rfd1 Bc8 19. Bf1 Rxd1 20. Rxd1 Ne7 21. c5 Ng6 22. Qc7 Kf8 23. Bc4 Be6 24. Nxe5 Nxe5 25. Bxe5 Qf7 26. Bf1 Qxc7 27. Bxc7 Kf7 28. Rc1 Bd5 29. f3 Nf6 30. a4 Re3 31. b5 axb5 32. axb5 Re6 33. c6 bxc6 34. b6 Nd7 35. b7 Re8 36. Rb1 Nb8 37. Ra1 c5 38. Ra8 Rc8 1-0

[Event "PHI-ch"]
[Site "Manila"]
[Date "2016.06.20"]
[Round "1"]
[White "Torre, Eugenio"]
[Black "Emperado, Emmanuel"]
[Result "1-0"]
[WhiteElo "2446"]
[BlackElo "2309"]
[PlyCount "137"]
[EventDate "2016.06.20"]
[EventType "tourn"]
[EventRounds "13"]
[EventCountry "PHI"]
[SourceTitle "CBM 173 Extra"]
[Source "ChessBase"]
[SourceDate "2016.08.29"]
[SourceVersion "1"]
[SourceVersionDate "2016.08.29"]
[SourceQuality "1"]

1. d4 f5 2. g3 Nf6 3. Bg2 g6 4. Nf3 Bg7 5. 0-0 0-0 6. b3 d6 7. Bb2 c6 8. c4 Na6 9. Nc3 Qc7 10. d5 e5 11. dxe6 Bxe6 12. Ng5 Rae8 13. Nxe6 Rxe6 14. Rc1 Rd8 15. Nd5 Qf7 16. Nxf6+ Bxf6 17. Bxf6 Qxf6 18. Qd2 Nc5 19. Rfd1 a6 20. e3 Rd7 21. Qc2 Re8 22. b4 Ne4 23. a3 Qe5 24. Rd4 h5 25. Rcd1 h4 26. f4 Qe6 27. Bxe4 fxe4 28. gxh4 Qg4+ 29. Qg2 Qxh4 30. Kh1 Qh5 31. Rg1 Kf7 32. f5 g5 33. Qxg5 Qxg5 34. Rxg5 Kf6 35. Rg6+ Ke5 36. Rg4 Kxf5 37. Rf4+ Kg5 38. Rdxe4 Rxe4 39. Rxe4 d5 40. Rd4 Re7 41. cxd5 cxd5 42. Rxd5+ Kg4 43. Rd3 Kf3 44. Rc3 Kf2 45. h3 Rg7 46. Rc2+ Kxe3 47. Rg2 Rh7 48. Kh2 a5 49. Rg6 axb4 50. axb4 b5 51. Kg3 Kd3 52. h4 Kc3 53. Rg4 Kd3 54. Rf4 Rh8 55. Kg4 Rg8+ 56. Kf5 Ke3 57. Re4+ Kf3 58. Re5 Rh8 59. Kg5 Rg8+ 60. Kf6 Rg4 61. h5 Rxb4 62. h6 Rh4 63. Kg6 b4 64. h7 b3 65. Rb5 Rg4+ 66. Kh5 Rg1 67. Rxb3+ Kf4 68. Rb4+ Kf5 69. h8Q 1-0

[Event "Quezon City Puregold op"]
[Site "Quezon City"]
[Date "2014.12.18"]
[Round "7"]
[White "Gonzales, Jayson"]
[Black "Emperado, Emmanuel"]
[Result "1-0"]
[WhiteElo "2392"]
[BlackElo "2306"]
[PlyCount "35"]
[EventDate "2014.12.14"]
[EventType "swiss"]
[EventRounds "9"]
[EventCountry "PHI"]
[SourceTitle "EXT 2016"]
[Source "ChessBase"]
[SourceDate "2015.10.08"]
[SourceVersion "1"]
[SourceVersionDate "2015.10.08"]
[SourceQuality "1"]

1. d4 f5 2. Bg5 h6 3. Bh4 g5 4. Bg3 d6 5. e3 Nf6 6. h4 g4 7. h5 Be6 8. Ne2 Nc6 9. Nbc3 d5 10. Nb5 Rc8 11. c4 a6 12. Nbc3 dxc4 13. Nf4 Bf7 14. d5 Ne5 15. Qd4 Ned7 16. Ne6 Bxe6 17. dxe6 Nb6 18. Qe5 1-0

[Event "Jakarta Indonesia op 3rd"]
[Site "Jakarta"]
[Date "2013.10.15"]
[Round "8"]
[White "Emperado, Emmanuel"]
[Black "Fernandez, Daniel Howard"]
[Result "0-1"]
[WhiteElo "2297"]
[BlackElo "2389"]
[PlyCount "62"]
[EventDate "2013.10.10"]
[EventType "swiss"]
[EventRounds "11"]
[EventCountry "INA"]
[SourceTitle "CBM 156 Extra"]
[Source "ChessBase"]
[SourceDate "2013.10.22"]
[SourceVersion "1"]
[SourceVersionDate "2013.10.22"]
[SourceQuality "1"]

1. e4 g6 2. d4 Bg7 3. Nf3 d6 4. c3 Nf6 5. Bd3 0-0 6. 0-0 c5 7. h3 Nc6 8. d5 Ne5 9. Nxe5 dxe5 10. c4 Ne8 11. Nc3 Nd6 12. a3 b6 13. Be3 Bd7 14. b4 Rc8 15. bxc5 bxc5 16. Qc2 h5 17. a4 Kh7 18. Bd2 a6 19. a5 Qc7 20. Na4 Bxa4 21. Rxa4 Rb8 22. Raa1 Rb7 23. Bc3 Rfb8 24. Kh1 Kg8 25. Ra3 e6 26. f4 exd5 27. cxd5 c4 28. fxe5 cxd3 29. exd6 dxc2 30. dxc7 Rxc7 31. Bd2 Rb1 0-1

[Event "Jakarta Indonesia op 3rd"]
[Site "Jakarta"]
[Date "2013.10.14"]
[Round "7"]
[White "Batchimeg, Tuvshintugs"]
[Black "Emperado, Emmanuel"]
[Result "1-0"]
[WhiteElo "2376"]
[BlackElo "2297"]
[PlyCount "149"]
[EventDate "2013.10.10"]
[EventType "swiss"]
[EventRounds "11"]
[EventCountry "INA"]
[SourceTitle "CBM 156 Extra"]
[Source "ChessBase"]
[SourceDate "2013.10.22"]
[SourceVersion "1"]
[SourceVersionDate "2013.10.22"]
[SourceQuality "1"]

1. d4 Nf6 2. c4 e6 3. Nc3 Bb4 4. e3 0-0 5. Bd3 c5 6. Nge2 cxd4 7. exd4 d5 8. a3 dxc4 9. Bxc4 Be7 10. 0-0 Nbd7 11. Qd3 Nb6 12. Bb3 Bd7 13. Bc2 Bc6 14. Bg5 g6 15. Rfe1 Re8 16. b4 a6 17. Bb3 Nbd5 18. Rac1 Qd7 19. Nxd5 Bxd5 20. Bf4 Bxb3 21. Qxb3 Nd5 22. Be5 Bg5 23. Rc5 b6 24. Rc4 Rac8 25. Ng3 Be7 26. Nf1 b5 27. Rcc1 Rxc1 28. Rxc1 Rc8 29. Rc2 Nb6 30. Ne3 Rxc2 31. Qxc2 f6 32. Bc7 Na4 33. h4 Kf7 34. h5 Qxd4 35. hxg6+ hxg6 36. Qc6 Qa1+ 37. Kh2 Qxa3 38. Bd6 Qd3 39. Bxe7 Kxe7 40. g3 Qd6 41. Qb7+ Kd8 42. Ng4 Qd4 43. Qb8+ Kd7 44. Qb7+ Ke8 45. Qc8+ Ke7 46. Qb7+ Qd7 47. Qf3 Qd4 48. Qb7+ Qd7 49. Qf3 f5 50. Ne5 Qd5 51. Nxg6+ Kf6 52. Qh5 Qd2 53. Kg2 Qg5 54. Qxg5+ Kxg5 55. Nf8 Kf6 56. Nd7+ Ke7 57. Nb8 Nc3 58. Nxa6 Nd5 59. f3 Kf6 60. Kf2 e5 61. Ke2 e4 62. fxe4 fxe4 63. g4 Ke5 64. g5 Kd4 65. Nc5 Nf4+ 66. Ke1 e3 67. Kf1 Kc3 68. g6 Kd2 69. Ne4+ Kd3 70. g7 e2+ 71. Kf2 Nh3+ 72. Ke1 Ng1 73. Nf2+ Ke3 74. Ng4+ Kd3 75. Ne5+ 1-0

[Event "Jakarta Indonesia op 3rd"]
[Site "Jakarta"]
[Date "2013.10.14"]
[Round "6"]
[White "Emperado, Emmanuel"]
[Black "Nguyen, Van Huy"]
[Result "0-1"]
[WhiteElo "2297"]
[BlackElo "2422"]
[PlyCount "96"]
[EventDate "2013.10.10"]
[EventType "swiss"]
[EventRounds "11"]
[EventCountry "INA"]
[SourceTitle "CBM 156 Extra"]
[Source "ChessBase"]
[SourceDate "2013.10.22"]
[SourceVersion "1"]
[SourceVersionDate "2013.10.22"]
[SourceQuality "1"]

1. e4 c6 2. d4 d5 3. Nc3 dxe4 4. Nxe4 Bf5 5. Ng3 Bg6 6. h4 h6 7. Nf3 Nf6 8. Ne5 Bh7 9. Bd3 Bxd3 10. Qxd3 e6 11. Bd2 Bd6 12. f4 Nbd7 13. 0-0-0 Qc7 14. Rhf1 0-0 15. Nxd7 Qxd7 16. f5 Bxg3 17. Qxg3 exf5 18. Bxh6 Ng4 19. Bg5 Rfe8 20. Qf3 g6 21. Qh3 Kg7 22. h5 Rh8 23. h6+ Nxh6 24. d5 Ng4 25. Qc3+ f6 26. d6 Rae8 27. Bf4 Ne5 28. Rh1 Nf7 29. Qd4 Rxh1 30. Rxh1 Re4 31. Qd2 g5 32. Bg3 f4 33. Qd3 Nxd6 34. Be1 Qe6 35. Bc3 Nf7 36. b3 c5 37. Kb2 a6 38. g3 c4 39. Qd1 fxg3 40. Qf3 cxb3 41. axb3 b5 42. Qxg3 b4 43. Bd2 Qe5+ 44. Qxe5 Nxe5 45. Ra1 g4 46. Rxa6 g3 47. Ra1 g2 48. Rg1 Re2 0-1